The Collins paperback thesaurus in A-Z form. (Record no. 61285)
[ view plain ]
| 000 -LEADER | |
|---|---|
| fixed length control field | 00724nam a22001937a 4500 |
| 003 - CONTROL NUMBER IDENTIFIER | |
| control field | NUST-PNEC |
| 005 - DATE AND TIME OF LATEST TRANSACTION | |
| control field | 20170116180719.0 |
| 008 - FIXED-LENGTH DATA ELEMENTS--GENERAL INFORMATION | |
| fixed length control field | 141023b xxu||||| |||| 00| 0 eng d |
| 020 ## - INTERNATIONAL STANDARD BOOK NUMBER | |
| International Standard Book Number | 0004332466 |
| 040 ## - CATALOGING SOURCE | |
| Transcribing agency | PNEC |
| 082 ## - DEWEY DECIMAL CLASSIFICATION NUMBER | |
| Classification number | 423 HAN |
| 100 ## - MAIN ENTRY--PERSONAL NAME | |
| 9 (RLIN) | 786 |
| Personal name | Hanks Patrick |
| 245 ## - TITLE STATEMENT | |
| Title | The Collins paperback thesaurus in A-Z form. |
| Statement of responsibility, etc. | Patrick Hanks |
| 250 ## - EDITION STATEMENT | |
| Edition statement | 2nd ed |
| 260 ## - PUBLICATION, DISTRIBUTION, ETC. | |
| Place of publication, distribution, etc. | Glasgow : |
| Name of publisher, distributor, etc. | Collins, |
| Date of publication, distribution, etc. | c.1990 |
| 300 ## - PHYSICAL DESCRIPTION | |
| Extent | 712 p. ; |
| Dimensions | 20 cm. |
| 500 ## - GENERAL NOTE | |
| General note | http://www.amazon.com/Collins-Paperback-Thesaurus-In-Form/dp/0004332466/ref=sr_1_1?ie=UTF8&qid=1414059257&sr=8-1&keywords=0004332466 https://www.worldcat.org/title/collins-paperback-thesaurus-in-a-z-form/oclc/20933910&referer=brief_results |
| 942 ## - ADDED ENTRY ELEMENTS (KOHA) | |
| Source of classification or shelving scheme | |
| Koha item type | Book |
| Withdrawn status | Lost status | Source of classification or shelving scheme | Damaged status | Not for loan | Permanent Location | Current Location | Shelving location | Date acquired | Source of acquisition | Cost, normal purchase price | Total Checkouts | Full call number | Barcode | Date last seen | Cost, replacement price | Price effective from | Koha item type |
|---|---|---|---|---|---|---|---|---|---|---|---|---|---|---|---|---|---|
| Pakistan Navy Engineering College (PNEC) | Pakistan Navy Engineering College (PNEC) | Reference | 07/31/1994 | Services Book Club | 0.00 | 423 HAN | PNECLIB-017617 | 10/23/2014 | 0.00 | 07/31/1994 | Book |
